| 000 | 00458cam a2200181ua 4500 | ||
|---|---|---|---|
| 020 | _c4.00 | ||
| 041 |
_ahin _h |
||
| 082 |
_a891.54 _bBHA/HI |
||
| 100 | _aBhagavath swaroop, Chaturvedi . | ||
| 245 |
_aHiroshima ki chaya mem / _cChaturvedi bhagavat swaroop. _hTextual Documents |
||
| 250 |
_a2 / _b. |
||
| 260 |
_aDelhi : _bRajkamal Prakash , _c1960. |
||
| 300 | _a224 ; . | ||
| 365 | _a4.00 | ||
| 504 | _a | ||
| 942 | _cBK | ||
| 999 |
_c3791 _d3791 |
||